[Event "Scarborough Foundation 47th"]
[Site "Scarborough"]
[Date "2024.10.27"]
[Round "4.6"]
[White "Green, Malcolm"]
[Black "Kalmar, Henrik"]
[Result "1/2-1/2"]
[WhiteElo "1245"]
[BlackElo "1474"]
[PlyCount "51"]
[EventDate "2024.10.25"]
[EventType "swiss"]
[EventRounds "5"]
[EventCountry "ENG"]
[SourceTitle "BritBase"]
[Source "John Saunders"]
[SourceDate "2025.02.10"]
[SourceVersion "1"]
[SourceVersionDate "2025.02.10"]
[SourceQuality "1"]

1. d4 d5 2. e3 Nf6 3. Bd3 e6 4. Nd2 c5 5. c3 Nc6 6. b3 cxd4 7. cxd4 Be7 8. a3 a6 9. Ngf3 O-O 10. O-O b5 11. Qc2 Bb7 12. Ng5 g6 13. f4 Rc8 14. Qb1 Nh5 15. Ndf3 Ng7 16. h4 Qd7 17. Ra2 f5 18. g3 h6 19. Nh3 Nh5 20. Rg2 Nf6 21. Be2 Kg7 22. Nf2 h5 23. Nd3 Ng4 24. Nh2 Nxh2 25. Kxh2 Kh6 26. Kg1 1/2-1/2

[Event "Scarborough Foundation 47th"]
[Site "Scarborough"]
[Date "2024.10.27"]
[Round "4.7"]
[White "Singh, Adamjeet"]
[Black "Harold, Lawrence"]
[Result "1-0"]
[WhiteElo "1541"]
[BlackElo "1422"]
[PlyCount "135"]
[EventDate "2024.10.25"]
[EventType "swiss"]
[EventRounds "5"]
[EventCountry "ENG"]
[SourceTitle "BritBase"]
[Source "John Saunders"]
[SourceDate "2025.02.10"]
[SourceVersion "1"]
[SourceVersionDate "2025.02.10"]
[SourceQuality "1"]

1. e4 e5 2. Nf3 Nc6 3. Bc4 Bc5 4. b4 Bxb4 5. c3 Ba5 6. d4 exd4 7. Qb3 Qf6 8. Bb2 dxc3 9. Nxc3 Nge7 10. O-O O-O 11. Nd5 Qg6 12. Ne5 Qxe4 13. Nxe7+ Nxe7 14. Nxf7 d5 15. Bd3 Qe6 16. Ng5 Qb6 17. Bxh7+ Kh8 18. Qc2 Bf5 19. Bxf5 Nxf5 20. g4 Qh6 21. Bc1 Qh4 22. gxf5 Qg4+ 23. Kh1 Qxf5 24. Qxf5 Rxf5 25. Rb1 Bb6 26. f4 Re8 27. Rb2 d4 28. Kg2 d3 29. Kf3 c5 30. Rd1 c4 31. Rb4 Rc5 32. Be3 Rc6 33. Bxb6 axb6 34. Nf7+ Kg8 35. Ne5 Rc5 36. Nxc4 b5 37. Ne5 Rd5 38. Ke4 Rd6 39. Rxd3 Rxd3 40. Kxd3 Rd8+ 41. Kc2 Rd5 42. Kc3 Rc5+ 43. Kd3 g5 44. Nf3 gxf4 45. Rxf4 Kg7 46. Rb4 Kg6 47. Nd4 Rh5 48. Rb2 Rh3+ 49. Ke4 Rh4+ 50. Kd5 Rh5+ 51. Kd6 Kf7 52. Kc7 Ke7 53. Kxb7 Rd5 54. Nxb5 Kd7 55. a4 Rh5 56. a5 Kd8 57. a6 Rh7+ 58. Kb8 Rh6 59. Rd2+ Ke7 60. Rd6 Rh8+ 61. Kc7 Rxh2 62. a7 Rc2+ 63. Rc6 Rd2 64. Kb7 Kd7 65. Ra6 Rb2 66. a8=Q Rxb5+ 67. Rb6 Rc5 68. Qa4+ 1-0

[Event "Scarborough Foundation 47th"]
[Site "Scarborough"]
[Date "2024.10.27"]
[Round "4.8"]
[White "Kennedy, Liam"]
[Black "Watson, Andrew T"]
[Result "0-1"]
[WhiteElo "1419"]
[BlackElo "1532"]
[PlyCount "120"]
[EventDate "2024.10.25"]
[EventType "swiss"]
[EventRounds "5"]
[EventCountry "ENG"]
[SourceTitle "BritBase"]
[Source "John Saunders"]
[SourceDate "2025.02.10"]
[SourceVersion "1"]
[SourceVersionDate "2025.02.10"]
[SourceQuality "1"]

1. e4 e6 2. Nf3 h6 3. Nc3 b6 4. Bc4 Bb7 5. d3 Bc5 6. Qe2 Nc6 7. Be3 Bb4 8. Bd2 g5 9. h3 Qe7 10. a3 Bc5 11. Be3 Bxe3 12. Qxe3 O-O-O 13. O-O-O f6 14. Rhe1 Qf7 15. Qd2 Nge7 16. Nb5 d5 17. exd5 Nxd5 18. Nfd4 Nxd4 19. Nxd4 e5 20. Nf5 Qd7 21. Bxd5 Bxd5 22. Ne3 Bb7 23. Kb1 e4 24. d4 f5 25. Nc4 Qd5 26. Qc3 Kb8 27. Ne5 Rh7 28. g3 Rd6 29. Qc4 Qxc4 30. Nxc4 Rd5 31. Ne5 h5 32. c4 Rd8 33. d5 Rd6 34. Nc6+ Bxc6 35. dxc6 Rxc6 36. Rd8+ Kb7 37. b3 Rd6 38. Rxd6 cxd6 39. Rd1 Kc6 40. Rd5 Rf7 41. Kc2 a6 42. a4 g4 43. hxg4 hxg4 44. Kd2 f4 45. gxf4 Rxf4 46. Ke3 Rf3+ 47. Kxe4 Rxf2 48. Rg5 Rf3 49. b4 Rc3 50. b5+ axb5 51. cxb5+ Kd7 52. Kd4 Rg3 53. Ke4 Ke6 54. Rg6+ Kd7 55. Rg7+ Ke6 56. Rg6+ Ke7 57. Kf5 Re3 58. Rxg4 Re5+ 59. Kf4 Rc5 60. Rg7+ Kf6 0-1

[Event "Scarborough Foundation 47th"]
[Site "Scarborough"]
[Date "2024.10.27"]
[Round "4.9"]
[White "Coleman, Daniel"]
[Black "Gardner, Alan R"]
[Result "0-1"]
[WhiteElo "1532"]
[BlackElo "1395"]
[PlyCount "74"]
[EventDate "2024.10.25"]
[EventType "swiss"]
[EventRounds "5"]
[EventCountry "ENG"]
[SourceTitle "BritBase"]
[Source "John Saunders"]
[SourceDate "2025.02.10"]
[SourceVersion "1"]
[SourceVersionDate "2025.02.10"]
[SourceQuality "1"]

1. d4 Nf6 2. Nc3 d5 3. Bf4 a6 4. e3 e6 5. a3 c5 6. Nf3 Nbd7 7. Be2 b5 8. O-O Nh5 9. Bg5 Qc7 10. Nd2 h6 11. Bxh6 Rxh6 12. Bxh5 g6 13. f4 Rxh5 14. Nf3 Bb7 15. Re1 O-O-O 16. Ng5 Nf6 17. Re2 Bh6 18. Nf3 Bg7 19. Ne5 Ne4 20. Nxe4 dxe4 21. Rd2 Bxe5 22. fxe5 c4 23. b4 f5 24. g4 Rh3 25. g5 c3 26. Rg2 Bd5 27. a4 Bc4 28. Ra3 Rxe3 29. axb5 Bxb5 30. Qa1 Kb7 31. Qd1 Rf3 32. Rf2 Rxf2 33. Kxf2 Qc4 34. Ke3 Rh8 35. Kf4 Rxh2 36. Kg3 Rd2 37. Qa1 Rxc2 0-1

[Event "Scarborough Foundation 47th"]
[Site "Scarborough"]
[Date "2024.10.27"]
[Round "4.10"]
[White "Haydock, Natalie"]
[Black "Ronald, Ken"]
[Result "0-1"]
[WhiteElo "1337"]
[BlackElo "1525"]
[PlyCount "166"]
[EventDate "2024.10.25"]
[EventType "swiss"]
[EventRounds "5"]
[EventCountry "ENG"]
[SourceTitle "BritBase"]
[Source "John Saunders"]
[SourceDate "2025.02.10"]
[SourceVersion "1"]
[SourceVersionDate "2025.02.10"]
[SourceQuality "1"]

1. e4 e5 2. Nf3 Nc6 3. d4 exd4 4. Nxd4 Qf6 5. Nxc6 Qxc6 6. Nc3 a6 7. Bf4 Bb4 8. Qd4 Bxc3+ 9. Qxc3 Qxc3+ 10. bxc3 d6 11. O-O-O Be6 12. a3 Ne7 13. f3 O-O-O 14. g4 Ng6 15. Bg3 Ne5 16. Bxe5 dxe5 17. Rxd8+ Rxd8 18. h4 Rd6 19. h5 Rb6 20. g5 Ba2 21. Bh3+ Be6 22. Bxe6+ Rxe6 23. h6 g6 24. Rh4 Kd7 25. f4 exf4 26. Rxf4 Ke7 27. Kd2 f6 28. gxf6+ Rxf6 29. Rxf6 Kxf6 30. Ke3 Kg5 31. Kd4 Kxh6 32. Ke5 Kg5 33. Ke6 h5 34. e5 h4 35. Kf7 h3 36. e6 h2 37. e7 h1=Q 38. e8=Q Qh7+ 39. Ke6 Qh3+ 40. Kf7 Qxc3 41. Qd8+ Kf4 42. Qh4+ Ke3 43. Qg5+ Ke2 44. Qg2+ Kd1 45. Qh1+ Kxc2 46. Qg2+ Kb3 47. Qxb7+ Kxa3 48. Qxa6+ Kb2 49. Qe2+ Kb3 50. Qb5+ Qb4 51. Qd3+ Ka4 52. Qa6+ Kb3 53. Qd3+ Qc3 54. Qb5+ Kc2 55. Qe2+ Qd2 56. Qc4+ Qc3 57. Qe2+ Kb3 58. Qb5+ Ka3 59. Qa6+ Kb4 60. Qb7+ Ka5 61. Qa7+ Kb5 62. Qb7+ Ka4 63. Qa6+ Kb4 64. Qb7+ Ka3 65. Qa6+ Kb2 66. Qb5+ Qb3+ 67. Qxb3+ Kxb3 68. Kxg6 c5 69. Kf5 Kb2 70. Ke4 c4 71. Kd4 c3 72. Kd3 c2 73. Kd2 c1=Q+ 74. Kd3 Qc3+ 75. Ke4 Kc2 76. Kd5 Kd3 77. Ke6 Qd4 78. Kf7 Qe5 79. Kg6 Ke4 80. Kf7 Kf5 81. Kg8 Qe7 82. Kh8 Kg6 83. Kg8 Qg7# 0-1

[Event "Scarborough Foundation 47th"]
[Site "Scarborough"]
[Date "2024.10.27"]
[Round "4.11"]
[White "Amir, Shahmeer"]
[Black "Gaffney, Ethan"]
[Result "0-1"]
[WhiteElo "1145"]
[BlackElo "1507"]
[PlyCount "132"]
[EventDate "2024.10.25"]
[EventType "swiss"]
[EventRounds "5"]
[EventCountry "ENG"]
[SourceTitle "BritBase"]
[Source "John Saunders"]
[SourceDate "2025.02.10"]
[SourceVersion "1"]
[SourceVersionDate "2025.02.10"]
[SourceQuality "1"]

1. e4 e5 2. Nf3 Nc6 3. Bc4 Bc5 4. Nc3 Nf6 5. b3 d6 6. h3 O-O 7. Bb2 h6 8. d3 Re8 9. Qd2 Be6 10. O-O-O d5 11. Bb5 dxe4 12. Nxe5 Bd7 13. Nxd7 Qxd7 14. Nxe4 Nxe4 15. dxe4 Qxd2+ 16. Rxd2 Rxe4 17. Rd7 Bd6 18. c4 Kf8 19. c5 Ke8 20. Rxd6 cxd6 21. cxd6 f6 22. g4 Rc8 23. Kb1 Rd8 24. Rd1 Kf8 25. f3 Re3 26. Bf1 Rxf3 27. a4 Rxb3 28. Ka2 Re3 29. Ba3 Ne5 30. Bc5 Rc3 31. Bxa7 Rc6 32. Bb5 Rcxd6 33. Rxd6 Rxd6 34. Bc5 Ke7 35. Bxd6+ Kxd6 36. Kb3 Kd5 37. Kc3 b6 38. Kd2 Ke4 39. Ke2 f5 40. gxf5 Kxf5 41. Kf2 Kf4 42. Kg2 g5 43. Be2 Ng6 44. Bd1 Nh4+ 45. Kf2 Nf5 46. Kg2 Ne3+ 47. Kf2 Nxd1+ 48. Ke2 Nc3+ 49. Kd2 Nxa4 50. Kd3 Kg3 51. Kc4 Kxh3 52. Kb5 g4 53. Kxa4 g3 54. Kb5 g2 55. Ka6 g1=Q 56. Kb7 Qc5 57. Ka8 Kg4 58. Ka7 b5+ 59. Kb7 Kf5 60. Kb8 Qc6 61. Ka7 b4 62. Kb8 Ke6 63. Ka7 Qb5 64. Ka8 Kd7 65. Ka7 Kc7 66. Ka8 Qb7# 0-1

[Event "Scarborough Foundation 47th"]
[Site "Scarborough"]
[Date "2024.10.27"]
[Round "4.12"]
[White "Butler, Rene"]
[Black "Johnson, Stanley"]
[Result "1-0"]
[WhiteElo "1462"]
[BlackElo "1415"]
[PlyCount "93"]
[EventDate "2024.10.25"]
[EventType "swiss"]
[EventRounds "5"]
[EventCountry "ENG"]
[SourceTitle "BritBase"]
[Source "John Saunders"]
[SourceDate "2025.02.10"]
[SourceVersion "1"]
[SourceVersionDate "2025.02.10"]
[SourceQuality "1"]

1. b4 e5 2. c4 d6 3. Bb2 Nf6 4. a3 Be7 5. e3 O-O 6. Be2 Bf5 7. Nf3 Nbd7 8. O-O c5 9. b5 Qc7 10. d3 h6 11. Nc3 Rad8 12. h3 Nb6 13. a4 Rfe8 14. a5 Nbd7 15. Nh2 e4 16. dxe4 Nxe4 17. Nxe4 Bxe4 18. Nf3 Nf6 19. Qd2 d5 20. Qc3 Qd6 21. cxd5 Qxd5 22. Rfd1 Qe6 23. Bc4 Qf5 24. Be2 Qe6 25. Rd2 Rxd2 26. Nxd2 Bg6 27. Bg4 Qd6 28. Rd1 Rd8 29. Nc4 Qc7 30. b6 Rxd1+ 31. Bxd1 axb6 32. Nxb6 Ne8 33. Nd5 Qd6 34. Nxe7+ Qxe7 35. Bf3 Qf6 36. Bxb7 Qxc3 37. Bxc3 Nd6 38. a6 Nb5 39. Ba5 Kf8 40. Bb6 c4 41. Ba5 Ke7 42. f3 Kd7 43. Bd5 Bd3 44. Bxf7 Kc8 45. Be8 Na7 46. Bc3 g5 47. e4 1-0

[Event "Scarborough Foundation 47th"]
[Site "Scarborough"]
[Date "2024.10.27"]
[Round "4.13"]
[White "Coleman, Patrick N"]
[Black "Palmer, Ian"]
[Result "1-0"]
[WhiteElo "1447"]
[BlackElo "1373"]
[PlyCount "107"]
[EventDate "2024.10.25"]
[EventType "swiss"]
[EventRounds "5"]
[EventCountry "ENG"]
[SourceTitle "BritBase"]
[Source "John Saunders"]
[SourceDate "2025.02.10"]
[SourceVersion "1"]
[SourceVersionDate "2025.02.10"]
[SourceQuality "1"]

1. d4 d5 2. c4 dxc4 3. Nc3 h6 4. e4 e6 5. Bxc4 a6 6. Nf3 Bb4 7. O-O Nf6 8. Re1 O-O 9. a3 Ba5 10. b4 Bb6 11. h3 Ba7 12. e5 Nd5 13. Ne2 b5 14. Bxd5 Qxd5 15. Nf4 Qd8 16. Be3 Bb7 17. Rc1 Nd7 18. d5 Bxe3 19. Rxe3 Nb6 20. d6 Nc4 21. Rec3 cxd6 22. exd6 Nxd6 23. Rd3 Qf6 24. Ne2 Nc4 25. Rc2 Bxf3 26. Rxf3 Qe7 27. Rd3 Rad8 28. Nd4 Qf6 29. a4 Ne5 30. Rdd2 bxa4 31. Ra2 Nc4 32. Rd3 a3 33. Qg4 e5 34. Rf3 Qb6 35. Nf5 Qf6 36. Qxc4 Rfe8 37. Nxg7 Qe7 38. Rg3 Kf8 39. Nxe8 Rd1+ 40. Kh2 Kxe8 41. Qc6+ Kf8 42. Qxh6+ Ke8 43. Qc6+ Kf8 44. Qc5 Rd6 45. Rc2 f6 46. Qc4 Re6 47. Qc8+ Qe8 48. Qxe8+ Kxe8 49. Rxa3 e4 50. Rc7 f5 51. g3 f4 52. gxf4 Rf6 53. Re3 Rxf4 54. Kg3 1-0

[Event "Scarborough Foundation 47th"]
[Site "Scarborough"]
[Date "2024.10.27"]
[Round "4.15"]
[White "Jones, Simon"]
[Black "Wright, George A"]
[Result "1-0"]
[WhiteElo "1423"]
[BlackElo "1320"]
[PlyCount "69"]
[EventDate "2024.10.25"]
[EventType "swiss"]
[EventRounds "5"]
[EventCountry "ENG"]
[SourceTitle "BritBase"]
[Source "John Saunders"]
[SourceDate "2025.02.10"]
[SourceVersion "1"]
[SourceVersionDate "2025.02.10"]
[SourceQuality "1"]

1. c4 c6 2. e4 e6 3. Nc3 d5 4. cxd5 exd5 5. exd5 cxd5 6. d4 Nf6 7. Bg5 Be7 8. Nf3 Bg4 9. Be2 O-O 10. O-O Qc7 11. Bxf6 Bxf6 12. Nxd5 Qd6 13. Nxf6+ Qxf6 14. Qb3 Qb6 15. Qxb6 axb6 16. h3 Be6 17. b3 Nd7 18. Bc4 Rfc8 19. d5 Bf5 20. Nd4 Bg6 21. Nb5 Rc7 22. Nxc7 Rc8 23. Nb5 Nc5 24. Rfe1 Ne4 25. d6 Nf6 26. Re7 Kf8 27. Rxb7 Bf5 28. Rxf7+ Ke8 29. Re1+ Kd8 30. Rxg7 Rc5 31. Rb7 Nd7 32. Rc7 Re5 33. Rxe5 Nxe5 34. Rg7 h6 35. Rg8+ 1-0

[Event "Scarborough Foundation 47th"]
[Site "Scarborough"]
[Date "2024.10.27"]
[Round "4.16"]
[White "Fischer, Paul"]
[Black "Smart, A David"]
[Result "1-0"]
[WhiteElo "1468"]
[BlackElo "1547"]
[PlyCount "39"]
[EventDate "2024.10.25"]
[EventType "swiss"]
[EventRounds "5"]
[EventCountry "ENG"]
[SourceTitle "BritBase"]
[Source "John Saunders"]
[SourceDate "2025.02.10"]
[SourceVersion "1"]
[SourceVersionDate "2025.02.10"]
[SourceQuality "1"]

1. e4 e6 2. d4 d5 3. Nc3 Bb4 4. exd5 Bxc3+ 5. bxc3 exd5 6. Bd3 Nf6 7. Ba3 Be6 8. Ne2 Nc6 9. O-O Qd7 10. Bb5 a6 11. Bd3 O-O-O 12. Qb1 Ne4 13. Qb2 Nd2 14. Rfd1 Nc4 15. Bxc4 dxc4 16. Rdb1 b5 17. Bc5 g5 18. a4 Bd5 19. axb5 Qe6 20. bxc6 1-0

[Event "Scarborough Foundation 47th"]
[Site "Scarborough"]
[Date "2024.10.27"]
[Round "4.17"]
[White "Fletcher, Martin G"]
[Black "Nettleship, Andrew"]
[Result "1-0"]
[WhiteElo "1417"]
[BlackElo "1527"]
[PlyCount "89"]
[EventDate "2024.10.25"]
[EventType "swiss"]
[EventRounds "5"]
[EventCountry "ENG"]
[SourceTitle "BritBase"]
[Source "John Saunders"]
[SourceDate "2025.02.10"]
[SourceVersion "1"]
[SourceVersionDate "2025.02.10"]
[SourceQuality "1"]

1. e4 c6 2. d4 d6 3. Nf3 Bg4 4. Be2 Qc7 5. e5 dxe5 6. Nxe5 Bxe2 7. Qxe2 e6 8. Bf4 Bd6 9. O-O Nf6 10. c4 O-O 11. c5 Be7 12. Ng6 Qd7 13. Nxf8 Bxf8 14. Be5 Na6 15. Bxf6 gxf6 16. Rd1 f5 17. Rd3 Bg7 18. Nc3 Nb4 19. Rd2 Nd5 20. Nxd5 cxd5 21. Rd3 Qe7 22. Qh5 Qf6 23. Rad1 h6 24. Rh3 Kh7 25. Qh4 Rg8 26. Qxf6 Bxf6 27. Rb3 Rb8 28. c6 b6 29. a4 Rc8 30. Rc3 Rc7 31. f4 Kg7 32. g3 Kf8 33. Kf2 Ke7 34. Ke3 Kd6 35. Rdc1 Bg7 36. b4 a6 37. h3 Ke7 38. Rg1 f6 39. g4 fxg4 40. Rxg4 Kf8 41. Ke2 f5 42. Rg6 Kg8 43. Rcg3 Kh7 44. Rxg7+ Rxg7 45. Rxg7+ 1-0

[Event "Scarborough Foundation 47th"]
[Site "Scarborough"]
[Date "2024.10.27"]
[Round "4.18"]
[White "Greenaway, Terence V"]
[Black "Carey, Con"]
[Result "1/2-1/2"]
[WhiteElo "1527"]
[BlackElo "1472"]
[PlyCount "104"]
[EventDate "2024.10.25"]
[EventType "swiss"]
[EventRounds "5"]
[EventCountry "ENG"]
[SourceTitle "BritBase"]
[Source "John Saunders"]
[SourceDate "2025.02.10"]
[SourceVersion "1"]
[SourceVersionDate "2025.02.10"]
[SourceQuality "1"]

1. c4 Nf6 2. Nc3 d5 3. d4 dxc4 4. e4 Nc6 5. d5 Ne5 6. h3 e6 7. Bf4 Bd6 8. Bxe5 Bxe5 9. Qa4+ Qd7 10. Qxd7+ Bxd7 11. Nge2 a6 12. f4 Bxc3+ 13. Nxc3 b5 14. dxe6 fxe6 15. e5 Nh5 16. Ne2 Bc6 17. Rg1 O-O 18. g3 Rad8 19. Rd1 Bf3 20. Rxd8 Rxd8 21. Kf2 Bxe2 22. Kxe2 g6 23. Ke1 Rd4 24. Be2 Ng7 25. Bf3 c3 26. bxc3 Ra4 27. Rg2 Kf7 28. Bd1 Rc4 29. Kd2 Nf5 30. Kd3 Ne7 31. Bb3 Rc6 32. c4 Rb6 33. cxb5 axb5 34. Ke4 c5 35. g4 c4 36. Bc2 Ra6 37. Bd1 Ra3 38. Rb2 Nd5 39. Rd2 Nc3+ 40. Kd4 Nxd1 41. Rxd1 Ke7 42. Kc5 Rd3 43. Rc1 Rd5+ 44. Kc6 Rd2 45. Kxb5 Rxa2 46. Rxc4 Kd7 47. Rd4+ Ke7 48. Rd6 Rb2+ 49. Kc6 Rc2+ 50. Kb7 Rb2+ 51. Kc7 Rc2+ 52. Rc6 Rd2 1/2-1/2

[Event "Scarborough Foundation 47th"]
[Site "Scarborough"]
[Date "2024.10.27"]
[Round "4.20"]
[White "Gartside, Jenny"]
[Black "Clarke, Gary"]
[Result "0-1"]
[WhiteElo "1168"]
[BlackElo "1521"]
[PlyCount "136"]
[EventDate "2024.10.25"]
[EventType "swiss"]
[EventRounds "5"]
[EventCountry "ENG"]
[SourceTitle "BritBase"]
[Source "John Saunders"]
[SourceDate "2025.02.10"]
[SourceVersion "1"]
[SourceVersionDate "2025.02.10"]
[SourceQuality "1"]

1. d4 Nf6 2. Nc3 d5 3. Bf4 Bf5 4. e3 c6 5. Nf3 h6 6. Be2 Nh5 7. Qd2 Nxf4 8. exf4 e6 9. O-O-O Nd7 10. h3 b5 11. g4 Bh7 12. Bd3 Bxd3 13. Qxd3 Be7 14. f5 exf5 15. gxf5 Qa5 16. Kb1 O-O-O 17. Rhe1 Rde8 18. Re2 Bf6 19. Rde1 Rxe2 20. Rxe2 Qd8 21. Nd1 Re8 22. Ne3 Qc7 23. Nxd5 Qd8 24. Rxe8 Qxe8 25. Nb4 Kb7 26. a3 Nb6 27. d5 c5 28. Nc6 c4 29. Qe3 Qd7 30. Na5+ Ka6 31. Nc6 Qxf5 32. Ne7 Bxe7 33. Qxe7 Qxf3 34. d6 Qf5 35. Qc7 Qd7 36. Qxd7 Nxd7 37. Kc1 Kb6 38. Kd2 Kc6 39. Ke3 Kxd6 40. Kd4 a6 41. b3 cxb3 42. cxb3 f5 43. Kc3 Kc5 44. Kd3 g5 45. Ke3 Nf6 46. f4 Nd5+ 47. Kf3 Nxf4 48. Kg3 Ng6 49. Kf3 Kd4 50. Ke2 f4 51. Kf3 Ne5+ 52. Ke2 h5 53. a4 g4 54. hxg4 hxg4 55. Kf2 Kc3 56. Ke2 Kxb3 57. Kd2 Kxa4 58. Kc3 b4+ 59. Kd4 g3 60. Kxe5 f3 61. Kd5 f2 62. Kc6 Ka5 63. Kb7 b3 64. Ka7 b2 65. Kb7 g2 66. Ka7 f1=Q 67. Kb8 Qf3 68. Kc7 b1=Q 0-1

[Event "Scarborough Foundation 47th"]
[Site "Scarborough"]
[Date "2024.10.27"]
[Round "4.21"]
[White "Johnson, Ian"]
[Black "Scorer, David M"]
[Result "1/2-1/2"]
[WhiteElo "1510"]
[BlackElo "1405"]
[PlyCount "63"]
[EventDate "2024.10.25"]
[EventType "swiss"]
[EventRounds "5"]
[EventCountry "ENG"]
[SourceTitle "BritBase"]
[Source "John Saunders"]
[SourceDate "2025.02.10"]
[SourceVersion "1"]
[SourceVersionDate "2025.02.10"]
[SourceQuality "1"]

1. e4 c6 2. d4 d5 3. exd5 cxd5 4. Bd3 Nf6 5. h3 e6 6. Nf3 Nc6 7. c3 Be7 8. O-O O-O 9. Bf4 b6 10. Nbd2 Bb7 11. Re1 Rc8 12. Qc2 Nb4 13. Qb1 Nxd3 14. Qxd3 Ne4 15. Nf1 Bd6 16. Bxd6 Qxd6 17. N1h2 Rc7 18. Rac1 Rfc8 19. Re2 b5 20. Rec2 Ba6 21. Qe3 b4 22. Nd2 bxc3 23. bxc3 g6 24. Ng4 Qe7 25. Nxe4 dxe4 26. Qf4 f5 27. Ne5 Qf6 28. Qh6 f4 29. Ng4 Qf8 30. Qh4 Kh8 31. Ne5 Qf5 32. Qg4 1/2-1/2

[Event "Scarborough Foundation 47th"]
[Site "Scarborough"]
[Date "2024.10.27"]
[Round "4.22"]
[White "Choudhury, Zan"]
[Black "Kilmartin, David"]
[Result "0-1"]
[WhiteElo "1020"]
[BlackElo "1505"]
[PlyCount "104"]
[EventDate "2024.10.25"]
[EventType "swiss"]
[EventRounds "5"]
[EventCountry "ENG"]
[SourceTitle "BritBase"]
[Source "John Saunders"]
[SourceDate "2025.02.10"]
[SourceVersion "1"]
[SourceVersionDate "2025.02.10"]
[SourceQuality "1"]

1. e4 c6 2. d3 d5 3. Nc3 dxe4 4. Nxe4 Nf6 5. Ng3 g6 6. Nf3 Bg7 7. d4 O-O 8. Bc4 b5 9. Bb3 a5 10. h3 a4 11. Bg5 axb3 12. cxb3 Nbd7 13. Qc1 Bb7 14. d5 Nxd5 15. h4 h5 16. Bh6 N7f6 17. Ne5 Qd6 18. Nf3 Nb4 19. O-O Nbd5 20. Bg5 Rfc8 21. a4 Qc7 22. Re1 e6 23. Ne4 Nxe4 24. Rxe4 c5 25. axb5 Rxa1 26. Qxa1 Qb6 27. Ne5 Bxe5 28. Rxe5 f6 29. Bxf6 Nxf6 30. Rg5 Kh7 31. Qd1 Rd8 32. Qc2 Be4 33. Qc3 Rf8 34. b4 cxb4 35. Qxb4 Rf7 36. Qc3 Qd6 37. Qb3 Bf5 38. b6 Rb7 39. Qc3 Ne4 40. Qc8 Qxb6 41. Qc1 Qxf2+ 42. Kh2 Qxh4+ 43. Kg1 Qxg5 44. Qb1 Bh3 45. Qxe4 Qxg2+ 46. Qxg2 Bxg2 47. Kxg2 Rxb2+ 48. Kf3 Rb4 49. Ke3 Kh6 50. Kd3 Kg5 51. Kc3 Rg4 52. Kd3 h4 0-1

[Event "Scarborough Foundation 47th"]
[Site "Scarborough"]
[Date "2024.10.27"]
[Round "4.23"]
[White "Farrow, Ian"]
[Black "Hicks, Noah"]
[Result "1/2-1/2"]
[WhiteElo "1483"]
[BlackElo "1292"]
[PlyCount "51"]
[EventDate "2024.10.25"]
[EventType "swiss"]
[EventRounds "5"]
[EventCountry "ENG"]
[SourceTitle "BritBase"]
[Source "John Saunders"]
[SourceDate "2025.02.10"]
[SourceVersion "1"]
[SourceVersionDate "2025.02.10"]
[SourceQuality "1"]

1. e4 d6 2. d4 Nf6 3. Nc3 g6 4. Bg5 h6 5. Be3 c6 6. f3 Nbd7 7. g4 b5 8. Qd2 Qa5 9. h4 Nb6 10. Qf2 Nc4 11. Bxc4 bxc4 12. Bd2 Rb8 13. Nd5 Qa4 14. Nxf6+ exf6 15. Bc3 a5 16. Qd2 Bd7 17. Ne2 Bg7 18. O-O O-O 19. Ng3 Ra8 20. Qe2 Rfc8 21. f4 Qb5 22. f5 g5 23. hxg5 fxg5 24. f6 Bf8 25. Nf5 Re8 26. Qh2 1/2-1/2

[Event "Scarborough Foundation 47th"]
[Site "Scarborough"]
[Date "2024.10.27"]
[Round "4.24"]
[White "Stoneham, Brendan"]
[Black "Britton, Nicola"]
[Result "1-0"]
[WhiteElo "1515"]
[BlackElo "1160"]
[PlyCount "75"]
[EventDate "2024.10.25"]
[EventType "swiss"]
[EventRounds "5"]
[EventCountry "ENG"]
[SourceTitle "BritBase"]
[Source "John Saunders"]
[SourceDate "2025.02.10"]
[SourceVersion "1"]
[SourceVersionDate "2025.02.10"]
[SourceQuality "1"]

1. e4 c6 2. d4 d5 3. e5 Bf5 4. g4 Be6 5. f4 g6 6. Nc3 Nd7 7. Bd3 Qb6 8. f5 O-O-O 9. fxe6 fxe6 10. Nf3 Bh6 11. g5 Bg7 12. Ne2 Rf8 13. Nf4 Re8 14. Nxe6 Bxe5 15. dxe5 Qb4+ 16. c3 Qg4 17. Ned4 Rf8 18. Rg1 Qh5 19. Be2 Nxe5 20. Nxe5 Qxh2 21. Bg4+ Kd8 22. Nef3 Rxf3 23. Nxf3 Qd6 24. Nd4 Qe5+ 25. Qe2 Qxe2+ 26. Kxe2 e5 27. Ne6+ Kd7 28. Rf1 Ne7 29. Rf7 h6 30. gxh6 b5 31. Bg5 Kd6 32. Bxe7+ Kd7 33. Bf6+ Ke8 34. Bxh8 Kxf7 35. h7 Ke7 36. Bxe5 a5 37. h8=Q Kd7 38. Qd8# 1-0

[Event "Scarborough Foundation 47th"]
[Site "Scarborough"]
[Date "2024.10.27"]
[Round "4.25"]
[White "Hicks, Sean"]
[Black "Virgos Matilla, Luis"]
[Result "1-0"]
[WhiteElo "1224"]
[BlackElo "1462"]
[PlyCount "55"]
[EventDate "2024.10.25"]
[EventType "swiss"]
[EventRounds "5"]
[EventCountry "ENG"]
[SourceTitle "BritBase"]
[Source "John Saunders"]
[SourceDate "2025.02.10"]
[SourceVersion "1"]
[SourceVersionDate "2025.02.10"]
[SourceQuality "1"]

1. e4 e5 2. Nf3 Nc6 3. Bb5 Nf6 4. d3 a6 5. Bxc6 bxc6 6. Nxe5 Bb7 7. Be3 c5 8. Nd2 Be7 9. O-O d6 10. Nef3 O-O 11. Re1 Ng4 12. Bf4 Bf6 13. c3 Re8 14. d4 Bh4 15. g3 Qf6 16. Nxh4 Bc8 17. h3 g5 18. hxg4 gxf4 19. Qf3 Qg5 20. Qxf4 Qg7 21. Nf5 Qg6 22. Kg2 Bxf5 23. gxf5 Qg7 24. Nf3 f6 25. Rh1 Re7 26. Rh4 Rae8 27. Rg4 Rxe4 28. Rxg7+ 1-0

[Event "Scarborough Foundation 47th"]
[Site "Scarborough"]
[Date "2024.10.27"]
[Round "4.26"]
[White "Lovegrove, David Charles"]
[Black "Lau, Louis"]
[Result "1-0"]
[WhiteElo "1419"]
[BlackElo "1125"]
[PlyCount "83"]
[EventDate "2024.10.25"]
[EventType "swiss"]
[EventRounds "5"]
[EventCountry "ENG"]
[SourceTitle "BritBase"]
[Source "John Saunders"]
[SourceDate "2025.02.10"]
[SourceVersion "1"]
[SourceVersionDate "2025.02.10"]
[SourceQuality "1"]

1. e4 c6 2. Nc3 d5 3. exd5 cxd5 4. d4 Nf6 5. h3 Nc6 6. Nf3 Qc7 7. Be2 Bf5 8. a3 e5 9. Bb5 Bd6 10. O-O O-O 11. dxe5 Nxe5 12. Nd4 Bg6 13. Bd3 Nxd3 14. cxd3 Rfe8 15. Ncb5 Qb6 16. Nxd6 Qxd6 17. Qb3 Rab8 18. Be3 a6 19. Rfc1 Re7 20. Qd1 h6 21. Qd2 Qe5 22. Bf4 Qxd4 23. Bxb8 Ne4 24. Qb4 Qxb4 25. axb4 Nf6 26. d4 Nd7 27. Bf4 Re4 28. Be3 Bf5 29. Rc7 b6 30. Ra7 Nb8 31. Rb7 Re8 32. Rxb6 Bd3 33. Rc1 Nd7 34. Rbc6 Nf6 35. b3 Bb5 36. Rc7 Ra8 37. Re7 a5 38. Ra1 a4 39. bxa4 Bxa4 40. Rc7 Ne8 41. Rc3 Nc7 42. Rxc7 1-0